| 000 | 01064nam a22003137a 4500 | ||
|---|---|---|---|
| 005 | 20090520144926.0 | ||
| 008 | 081128t xxu||||| |||| 00| 0 eng d | ||
| 010 | _aENG-93628 | ||
| 020 |
_a9788120337374 _c425.00 |
||
| 035 | _aEN-77161 | ||
| 037 | _bDBAD / PUB | ||
| 040 |
_adpl _bEnglish |
||
| 082 | _a537 | ||
| 100 | _aLonngren, Karl E. | ||
| 110 | _aCareer Launcher | ||
| 245 |
_aFundamentals of electromagnetics with MATLAB / _cby Karl E. Lonngren, Sava V. Savov [and] Randy J. Jost |
||
| 250 | _a2nd ed. | ||
| 260 |
_aNew Delhi _bPHI Learning _c2009 |
||
| 270 |
_aM-97, Connaught Circus, _bNew Delhi _e110001 |
||
| 300 |
_axxii, 529p. _c24cm(pbk) _eCD-ROM |
||
| 500 | _aIncludes index | ||
| 650 | _aMATLAB | ||
| 650 | _aElectromagnetic theory | ||
| 650 | _aElectrical engineering | ||
| 700 | _aSavov, Sava V. | ||
| 700 | _aJost, Randy J. | ||
| 942 |
_2ddc _cEN _mLON _h537 |
||
| 999 |
_c26629 _d26629 |
||